000 00579nam a2200193 a 4500
001 000012934
005 20241021092515.0
008 091118s2002 dr a 000 j spa d
040 _aDO-SdBNP
_bspa
_cBNPHU
082 _aRD863.44
_bS684m
100 1 _aSolano, Miguel,
_91543
245 1 0 _aMemorias del alma /
_cMiguel Solano.
260 _aSanto Domingo :
_bCocolo,
_c2002.
300 _a126 p. :
_bil. ;
_c22 cm.
590 _aInventariado, 2020 / DG
650 0 _aCuentos dominicanos
_9176
650 0 _aLiteratura dominicana.
_967
910 _aValidado. Control de calidad MFF
999 _c12582
_d12582